Normal view
MARC view
Entry Personal Name
001 - CONTROL NUMBER
- control field: 12661
003 - CONTROL NUMBER IDENTIFIER
- control field: BD-RjUL
005 - DATE AND TIME OF LATEST TRANSACTION
- control field: 20240422180038.0
008 - FIXED-LENGTH DATA ELEMENTS
- fixed length control field: 240422|| aca||aabn | a|a d
040 ## - CATALOGING SOURCE
- Original cataloging agency: BD-RjUL
- Transcribing agency: BD-RjUL
100 ## - HEADING--PERSONAL NAME
- Personal name: Sultana, Chand
670 ## - SOURCE DATA FOUND
- Source citation: Work cat.: (BD-RjUL)83559: Sultana, Chand, Studies on the antimicrobial and cytotoxic activity of mixed ligand metal complexes. /, 2010